| 000 | 00595nam a22002057a 4500 | ||
|---|---|---|---|
| 999 |
_c12186 _d12186 |
||
| 003 | AR-CdUCM | ||
| 008 | 190408b ||||| |||| 00| 0 spa d | ||
| 040 |
_aMUNICIPALIDAD PROVINCIAL DEL CUSCO _cBIBLIOTECA MUNICIPAL DEL CUSCO |
||
| 082 |
_aC / 985.61 / _bY49 |
||
| 100 |
_aYepez. J. Arturo _929912 |
||
| 245 | _aHegemonía del Cuzco / | ||
| 260 |
_aCusco : _bRozas, _c1927. |
||
| 300 |
_a50 páginas ; _c20 cm. |
||
| 505 | _aContenido: Hegemonía del Cuzco. | ||
| 650 |
_aCusco _9772 |
||
| 650 |
_aHistoria _9136 |
||
| 650 |
_aPerú _935 |
||
| 942 |
_2ddc _cLIBROS |
||
| 945 |
_aachl _d2019-04-08 |
||